000 01712nam0a2200337 i 4500
001 RU\NLR\BIBL_A\011440031
005 20260405110504.0
010 _a9785906486868
_9300
021 _aRU
_b2017-46418
_93345
035 _a(RuMoRGB)008920530
035 _a(NLR Aleph) 011440031
090 _a11696793
_c11696793
100 _a20170717d2016 k y0rusy50 ca
101 0 _arus
102 _aRU
105 _aa|||z|||000zy
200 1 _aОбработка радиолокационных сигналов бортовых когерентно-импульсных РЛС обеспечения полетов самолетов в сложных метеоусловиях
_e[монография]
_fА.В. Верещагин, Ю.В. Иванов, В.Н. Переломов [и др.]
210 _aСанкт-Петербург
_cНИЦ АРТ
_d2016
215 _a238 с.
_cил.
_d21
320 _aБиблиогр.: с. 204-215 (202 назв.)
606 1 _aБортовые радиолокационные станции
_xОбработка сигналов
_92146542
_3RU\NLR\AUTH\661597827
606 1 _aСамолеты
_xПолет в сложных метеоусловиях
_91562734
_3RU\NLR\AUTH\66983981
686 1 _aО53-082.022.9
686 1 _aО561.1
701 1 _aВерещагин
_bА. В.
_gАлексей Владимирович
701 1 _7ca
_8rus
_aИванов
_bЮ. В.
_cканд. техн. наук, радиоэлектрон.
_gЮрий Викторович
_924592
_3RU\NLR\AUTH\7741644
701 1 _aПереломов
_bВ. Н.
_gВалентин Николаевич
942 _cBOOK
980 _aNBR